LEADER 00954nam a2200241 a 4500 001 991002492459707536 008 020 $a9788854864115 035 $ab1418302x-39ule_inst 040 $aBibl. Dip.le Aggr. Storia Società Studi sull'Uomo - Sez. Scienze Sociali Com.$bita 082 $a303.380945 100 1 $aTurato, Fabio$0187319 245 10$aOpinione pubblica e politica estera :$bleader, mass media e personalizzazione /$cFabio Turato 260 $aRoma :$bAracne, $c2013 300 $a254 p. ;$c21 cm 440 $aPuzzle $v13 650 4$aItalia $xPolitica estera $xOpinione pubblica 907 $a.b1418302x$b24-04-14$c14-04-14 912 $a991002492459707536 945 $aLE021SOC27C77$g1$i2021000211867$lle021$o-$pE16.00$q-$rl$s- $t0$u3$v0$w3$x0$y.i15605358$z15-04-14 996 $aOpinione pubblica e politica estera$9258807 997 $aUNISALENTO 998 $ale021$b14-04-14$cm$da $e-$fita$git $h0$i0